Cryptography and Network Security: Principles and Practice, 8/e

Saved in:
Bibliografiske detaljer
Hovedforfatter: Stallings
Format: Bog
Udgivet: Pearson Education
Tags: Tilføj Tag
Ingen Tags, Vær først til at tagge denne postø!

MARC

LEADER 00000nam a2200000Ia 4500
005 20260513122053.0
020 |a 9789357059718 
100 |a Stallings 
365 |c Rs. 
365 |b 25.00 
942 |c BK 
245 |a Cryptography and Network Security: Principles and Practice, 8/e 
260 |b Pearson Education 
999 |c 86  |d 86 
952 |0 0  |1 0  |4 0  |7 0  |a UNSW  |b UNSW  |d 2026-05-06  |g 955.00  |i 16681  |l 0  |p 000062  |r 2026-05-13 12:20:53  |v 955.00  |w 2026-05-13  |y BK